[Event "World Blitz Women 2025"]
[Site "Doha QAT"]
[Date "2025.12.29"]
[Round "4.23"]
[White "Nurman, Alua"]
[Black "Vo, Thi Kim Phung"]
[Result "1/2-1/2"]
[WhiteTitle "WGM"]
[BlackTitle "WGM"]
[WhiteElo "2367"]
[BlackElo "2322"]
[WhiteFideId "13729390"]
[BlackFideId "12401838"]
[EventDate "2025.12.29"]

1. e4 e6 2. d4 d5 3. e5 c5 4. c3 Nc6 5. Nf3 Bd7 6. Be2 Nge7 7. O-O Nf5 8. Bd3
Nh4 9. Nbd2 Ng6 10. Bxg6 hxg6 11. dxc5 Bxc5 12. Nb3 Be7 13. Bf4 Qb6 14. Qd2 a5
15. Nbd4 a4 16. b4 axb3 17. axb3 O-O 18. b4 Nxd4 19. Nxd4 Rfc8 20. Rfc1 Qc7 21.
Qb2 Qc4 22. Bd2 Bd8 23. Rxa8 Rxa8 24. Ra1 Rc8 25. Nf3 Bb6 26. Re1 Bb5 27. h3 Qd3
28. Be3 Bd8 29. Bd4 Qf5 30. Qd2 Qd3 31. Qf4 Qf5 32. Qd2 Qd3 33. Qf4 Qf5 34. Qd2 1/2-1/2

[Event "World Blitz Women 2025"]
[Site "Doha QAT"]
[Date "2025.12.29"]
[Round "4.24"]
[White "Jarocka, Liwia"]
[Black "Francisco Guecamburu, Candela Be"]
[Result "0-1"]
[WhiteTitle "FM"]
[BlackTitle "WGM"]
[WhiteElo "2258"]
[BlackElo "2238"]
[WhiteFideId "21807558"]
[BlackFideId "160911"]
[EventDate "2025.12.29"]

1. e4 e5 2. Nf3 Nc6 3. Bc4 Nf6 4. d3 h6 5. Nc3 d6 6. a3 g6 7. h3 Bg7 8. Be3 O-O
9. O-O Kh7 10. d4 Nxe4 11. Nxe4 d5 12. Bxd5 Qxd5 13. Nc3 Qd8 14. dxe5 Nxe5 15.
Nxe5 Bxe5 16. Qe2 Qh4 17. Rfe1 Be6 18. Bg5 Qxg5 19. Qxe5 Qxe5 20. Rxe5 Rad8 21.
Re2 c6 22. Ne4 b6 23. b3 Rd4 24. a4 a5 25. Nd2 Rfd8 26. Nf3 R4d6 27. Rae1 Kg7
28. Kh2 Bd5 29. Ne5 Be6 30. Nf3 Rd5 31. Kg3 g5 32. Kh2 Bf5 33. g4 Bg6 34. Kg3
Rc5 35. c4 Rd3 36. Re3 b5 37. axb5 cxb5 38. Rxd3 Bxd3 39. Ne5 bxc4 40. bxc4 Bxc4
41. Rc1 Rxe5 42. Rxc4 Rb5 43. Rc6 Rb3+ 44. Kg2 a4 45. Ra6 a3 46. Ra5 Kg6 47.
Ra6+ f6 48. Ra5 h5 49. Ra6 h4 50. Ra5 Kf7 51. Ra6 Ke7 52. Kh2 Rb2 53. Rxa3 Rxf2+
54. Kg1 Rb2 55. Re3+ Kd6 56. Re8 Rb6 57. Re2 Kd5 58. Kg2 Kd4 59. Re8 Rb3 60. Re6
Rg3+ 61. Kh2 Rf3 62. Kg2 Rf4 63. Kh2 Kd5 64. Ra6 Ke5 65. Ra5+ Ke4 66. Ra4+ Ke3
67. Ra3+ Kd4 68. Ra4+ Ke5 69. Ra5+ Ke6 70. Ra6+ Kf7 71. Ra2 Rd4 72. Re2 Rd5 73.
Kg2 Re5 74. Ra2 Rd5 75. Rb2 Ke6 76. Ra2 Rd4 77. Re2+ Kd5 78. Re8 Re4 79. Rf8 Ke5
80. Rf7 Re2+ 81. Kg1 Kf4 82. Rxf6+ Kg3 83. Kf1 Rb2 84. Rf5 Kxh3 85. Rxg5 Rb1+
86. Kf2 Rb2+ 87. Kf1 Kg3 88. Rc5 Rb1+ 89. Ke2 h3 90. Rh5 0-1

[Event "World Blitz Women 2025"]
[Site "Doha QAT"]
[Date "2025.12.29"]
[Round "4.25"]
[White "Wang, Chuqiao"]
[Black "Preobrazhenskaya, Diana"]
[Result "1-0"]
[WhiteTitle "WIM"]
[BlackTitle "WFM"]
[WhiteElo "2235"]
[BlackElo "2131"]
[WhiteFideId "8631638"]
[BlackFideId "34270566"]
[EventDate "2025.12.29"]

1. d4 Nf6 2. c4 e6 3. Nf3 b6 4. a3 Bb7 5. Nc3 d5 6. Bg5 Be7 7. Bxf6 Bxf6 8. cxd5
exd5 9. g3 O-O 10. Bg2 c5 11. O-O Re8 12. e3 Nc6 13. Rc1 cxd4 14. Nxd4 Nxd4 15.
exd4 Qd7 16. Qd3 Rac8 17. Rfe1 g6 18. h4 h5 19. Rcd1 Kg7 20. Kh2 Rxe1 21. Rxe1
Rc4 22. Ne2 Ba6 23. Qd2 Qc6 24. Qe3 Qb5 25. b3 Rc2 26. Nf4 Bb7 27. Bf1 Qa5 28.
b4 Qa4 29. Bg2 Qd7 30. Rd1 Ra2 31. Kg1 Rc2 32. Qf3 Rc4 33. Qe3 Qc6 34. Bxd5 Qc7
35. Bxc4 Qxc4 36. d5 Qc7 37. b5 Qc2 38. Qd3 Qc5 39. d6 Qc8 40. d7 Qd8 41. Re1
Qc7 42. Rd1 Qd8 43. Qd6 Be7 44. Qe5+ Bf6 45. Qe8 Bf3 46. Qxd8 Bxd8 47. Rc1 Bb7
48. Rc8 Bf6 49. d8=Q 1-0

[Event "World Blitz Women 2025"]
[Site "Doha QAT"]
[Date "2025.12.29"]
[Round "4.26"]
[White "Zhurova, Anna"]
[Black "Bodnaruk, Anastasia"]
[Result "0-1"]
[WhiteTitle "WFM"]
[BlackTitle "IM"]
[WhiteElo "2299"]
[BlackElo "2357"]
[WhiteFideId "54113075"]
[BlackFideId "4181751"]
[EventDate "2025.12.29"]

1. e4 c5 2. Nf3 d6 3. d4 cxd4 4. Nxd4 Nf6 5. Nc3 a6 6. Bc4 e6 7. Be3 Be7 8. Bb3
b5 9. a3 O-O 10. Qe2 Bb7 11. O-O-O Qc7 12. h4 Nbd7 13. f3 Nc5 14. Kb1 Nxb3 15.
Nxb3 d5 16. h5 dxe4 17. f4 Rac8 18. h6 g6 19. Bd4 Qxf4 20. Rdf1 Qg5 21. Nd2 e5
22. Be3 Qg4 23. Qf2 Rxc3 24. bxc3 Qe6 25. Nb3 Nd5 26. Bc5 Nxc3+ 27. Ka1 f5 28.
Bb4 Nd5 29. Nc5 Qc8 30. Rd1 Nxb4 31. axb4 Bxc5 32. Qxc5 Qxc5 33. bxc5 e3 34. Rd7
Bxg2 35. Rg1 e2 36. Rg7+ Kh8 37. Re7 e4 38. Kb2 Bf1 0-1

[Event "World Blitz Women 2025"]
[Site "Doha QAT"]
[Date "2025.12.29"]
[Round "4.27"]
[White "Machlik, Monika"]
[Black "Shvedova, Alexandra"]
[Result "0-1"]
[BlackTitle "WIM"]
[WhiteElo "2084"]
[BlackElo "2255"]
[WhiteFideId "1513621"]
[BlackFideId "54154782"]
[EventDate "2025.12.29"]

1. d4 Nf6 2. c4 e6 3. Nc3 Bb4 4. Qc2 O-O 5. a3 Bxc3+ 6. Qxc3 d6 7. f3 b6 8. e4
c5 9. d5 Re8 10. Ne2 exd5 11. cxd5 Ba6 12. Nf4 Bxf1 13. Kxf1 Nbd7 14. Be3 b5 15.
Kf2 Rxe4 16. Rhe1 Re8 17. Re2 Ne5 18. Rae1 Neg4+ 19. Kg1 Nxe3 20. Rxe3 Qd7 21.
h3 h6 22. Kh2 Rxe3 23. Rxe3 Re8 24. Qe1 Rxe3 25. Qxe3 Qf5 26. g4 Qc2+ 27. Kg3
Qxb2 28. Qe7 Qxa3 29. Qd8+ Kh7 30. Qxd6 Ne4+ 0-1

[Event "World Blitz Women 2025"]
[Site "Doha QAT"]
[Date "2025.12.29"]
[Round "4.28"]
[White "Iudina, Veronika"]
[Black "Charkhalashvili, Inga"]
[Result "1/2-1/2"]
[WhiteTitle "WFM"]
[BlackTitle "WGM"]
[WhiteElo "2204"]
[BlackElo "2235"]
[WhiteFideId "24277916"]
[BlackFideId "13601431"]
[EventDate "2025.12.29"]

1. e4 c6 2. d4 d5 3. exd5 cxd5 4. c4 Nf6 5. Nc3 Nc6 6. Nf3 e6 7. c5 Be7 8. Bb5
Bd7 9. Bxc6 Bxc6 10. b4 O-O 11. O-O Ne4 12. Bb2 a5 13. a3 axb4 14. axb4 Nxc3 15.
Bxc3 Bb5 16. Re1 Bf6 17. Qd2 Qc7 18. Qb2 h6 19. h3 Qc6 20. Ra5 b6 21. Raa1 Bc4
22. Ne5 1/2-1/2

[Event "World Blitz Women 2025"]
[Site "Doha QAT"]
[Date "2025.12.29"]
[Round "4.29"]
[White "Batsiashvili, Nino"]
[Black "Mgeladze, Kesaria"]
[Result "1-0"]
[WhiteTitle "GM"]
[BlackTitle "WIM"]
[WhiteElo "2462"]
[BlackElo "2195"]
[WhiteFideId "13602993"]
[BlackFideId "13621130"]
[EventDate "2025.12.29"]

1. d4 Nf6 2. c4 e6 3. Nc3 Bb4 4. Nf3 O-O 5. Bg5 d5 6. e3 Be7 7. Rc1 c6 8. a3 a5
9. cxd5 cxd5 10. Bd3 Nc6 11. O-O h6 12. Bh4 Bd7 13. h3 Na7 14. Ne5 b5 15. Qb3
Rb8 16. Bb1 Be8 17. Ne2 g6 18. Bg3 b4 19. a4 Rc8 20. Rxc8 Qxc8 21. Rc1 Qa6 22.
Bd3 Qb7 23. Bf4 Kg7 24. Qc2 b3 25. Qc7 Qb4 26. Qxa7 Bd6 27. Nc3 Bxa4 28. Nxa4
Qxa4 29. Qb6 Bb4 30. Nc6 Qa2 31. Nxb4 axb4 32. Qxb4 Qxb2 33. Rb1 Qa2 34. Qxb3
Qa7 35. Be5 Qe7 36. Qb4 Qd7 37. Bxf6+ 1-0

[Event "World Blitz Women 2025"]
[Site "Doha QAT"]
[Date "2025.12.29"]
[Round "4.30"]
[White "Injac, Teodora"]
[Black "Charvi A"]
[Result "1-0"]
[WhiteTitle "IM"]
[BlackTitle "WFM"]
[WhiteElo "2421"]
[BlackElo "2270"]
[WhiteFideId "932400"]
[BlackFideId "25165518"]
[EventDate "2025.12.29"]

1. Nf3 d6 2. d4 Nf6 3. c4 g6 4. Nc3 Bg7 5. g3 O-O 6. Bg2 Nbd7 7. O-O e5 8. e4
exd4 9. Nxd4 Nc5 10. h3 Re8 11. Re1 a5 12. b3 Nfd7 13. Be3 c6 14. Qc2 Ne5 15.
Rad1 a4 16. Nxc6 Nxc6 17. Bxc5 Qa5 18. b4 Nxb4 19. Bxb4 Qxb4 20. Nb5 Rd8 21. e5
Bf5 22. Be4 Bxe4 23. Qxe4 dxe5 24. a3 Qc5 25. Rd5 Rxd5 26. Qxd5 Rc8 27. Qxb7 Bf8
28. Rc1 Bh6 29. Rc3 Rd8 30. Kg2 Re8 31. Qe4 Bd2 32. Rd3 Bh6 33. Rd5 Qc6 34. Nd6
Rd8 35. c5 Bf8 36. Qxe5 Bxd6 37. cxd6 Re8 38. Qd4 Rd8 39. Kh2 Qc1 40. d7 Qxa3
41. Re5 Qf8 42. Qxa4 Kg7 43. Qd4 Kg8 44. Qe4 Kg7 45. Re8 1-0

[Event "World Blitz Women 2025"]
[Site "Doha QAT"]
[Date "2025.12.29"]
[Round "4.31"]
[White "Lei, Tingjie"]
[Black "Nomin-Erdene, Davaademberel"]
[Result "1-0"]
[WhiteTitle "GM"]
[BlackTitle "IM"]
[WhiteElo "2569"]
[BlackElo "2312"]
[WhiteFideId "8605114"]
[BlackFideId "4900782"]
[EventDate "2025.12.29"]

1. e4 c6 2. d4 d5 3. e5 Bf5 4. Nf3 e6 5. Be2 c5 6. O-O Nc6 7. c3 Bg6 8. Re1 cxd4
9. cxd4 Nge7 10. Nc3 Nc8 11. Bf4 Be7 12. Rc1 O-O 13. h3 Nb6 14. g4 Rc8 15. Bg3
Nc4 16. b3 Nb6 17. Bd3 Bxd3 18. Qxd3 Ba3 19. Rb1 Nb4 20. Qd2 Qd7 21. Re3 Rc7 22.
h4 Rfc8 23. h5 Nc6 24. Nb5 Bb4 25. Qe2 a6 26. Nxc7 Rxc7 27. Qd3 Be7 28. Bf4 Nb4
29. Qe2 Rc2 30. Qd1 Rxa2 31. Rc1 a5 32. Rec3 a4 33. Rc7 Qd8 34. bxa4 Rxa4 35.
Rxb7 Ra2 36. Qb3 h6 37. Rcc7 Ra1+ 38. Kg2 Nc8 39. Qc3 Ra8 40. Rd7 Qe8 41. Rxe7
Nxe7 42. Qxb4 Nc6 43. Qd6 Nd8 44. Rb8 Rxb8 45. Qxb8 Qd7 46. g5 Kh7 47. gxh6 gxh6
48. Qd6 Qe8 49. Qc7 Nc6 50. Be3 Ne7 51. Qc2+ Kh8 52. Bxh6 Nf5 53. Bg5 Qg8 54.
Qd2 Qh7 55. Qf4 Qxh5 56. Bf6+ Kg8 57. Qg5+ Qxg5+ 58. Bxg5 Kf8 59. Be3 Ke7 60.
Kh3 f6 61. Kg4 fxe5 62. Nxe5 Nd6 63. Bg5+ Ke8 64. Kf4 Ne4 65. Bh4 Nd6 66. Nf3
Nf5 67. Ke5 Kd7 68. Bf6 Nd6 69. Kf4 Ne4 70. Ne5+ Kd6 71. Bh4 Nc3 72. Ke3 Nb5 73.
Nd3 Na3 74. Nc5 Nc2+ 75. Kd3 Ne1+ 76. Ke2 Nc2 77. Bg3+ Ke7 78. Be5 Na3 79. f4
Nc4 80. Kf3 Nd2+ 81. Kg4 Nc4 82. Kg5 Ne3 83. Nd3 Nf5 84. Nf2 Ne3 85. Ng4 Kf7 86.
Nxe3 1-0

[Event "World Blitz Women 2025"]
[Site "Doha QAT"]
[Date "2025.12.29"]
[Round "4.32"]
[White "Mammadova, Gulnar"]
[Black "Vaishali, Rameshbabu"]
[Result "1-0"]
[WhiteTitle "IM"]
[BlackTitle "GM"]
[WhiteElo "2330"]
[BlackElo "2473"]
[WhiteFideId "13403508"]
[BlackFideId "5091756"]
[EventDate "2025.12.29"]

1. e4 d5 2. exd5 Qxd5 3. Nc3 Qa5 4. d4 Bf5 5. Nf3 e6 6. Ne5 Nc6 7. Nxc6 bxc6 8.
Qf3 Ne7 9. Bb5 Qb6 10. O-O Rd8 11. Ba4 h5 12. h3 f6 13. Re1 Kf7 14. g4 hxg4 15.
hxg4 Bg6 16. Qe2 Kg8 17. Bb3 Rh4 18. Bxe6+ Kh8 19. Bf4 Nd5 20. Bg3 Rh7 21. Kg2
Qxd4 22. Rad1 Nf4+ 23. Bxf4 Qxf4 24. Rh1 Rxd1 25. Rxh7+ Bxh7 26. Qxd1 Bd6 27.
Kf1 g5 28. Qe2 Kg7 29. Bb3 Bg6 30. Qe6 Qh2 31. Qg8+ Kh6 32. Qh8+ Bh7 33. Qxf6+
Bg6 34. Bf7 Qh3+ 35. Ke1 Qh1+ 36. Ke2 1-0

[Event "World Blitz Women 2025"]
[Site "Doha QAT"]
[Date "2025.12.29"]
[Round "4.33"]
[White "Dronavalli, Harika"]
[Black "Pham, Le Thao Nguyen"]
[Result "0-1"]
[WhiteTitle "GM"]
[BlackTitle "IM"]
[WhiteElo "2466"]
[BlackElo "2348"]
[WhiteFideId "5015197"]
[BlackFideId "12401226"]
[EventDate "2025.12.29"]

1. g3 d5 2. Bg2 c6 3. d3 Bf5 4. Nf3 e6 5. O-O Nf6 6. c4 Be7 7. Qb3 Qb6 8. cxd5
Qxb3 9. axb3 exd5 10. Bd2 O-O 11. Bc3 Nbd7 12. b4 a6 13. Nbd2 Rfe8 14. Nb3 Bd6
15. Rfe1 Bc7 16. Nfd4 Be6 17. Na5 Bxa5 18. bxa5 c5 19. Nxe6 fxe6 20. e4 d4 21.
e5 Ng4 22. Bd2 Ngxe5 23. Bxb7 Rab8 24. Bxa6 Nf3+ 25. Kg2 Nxd2 26. Re2 Nb3 27.
Ra3 Ra8 28. Bc4 Nxa5 29. Bxe6+ Kf8 30. f4 Nf6 31. Kf3 Nc6 32. g4 Rxa3 33. bxa3
Nd8 34. f5 Nxe6 35. fxe6 Ke7 36. g5 Nd5 37. h4 Kd6 38. Rb2 Rxe6 39. Rb7 Re7 40.
Rb8 Ra7 41. Rd8+ Ke6 42. Ke4 Nc3+ 43. Kf4 Rxa3 44. Re8+ Kf7 45. Re5 Ra5 46. h5
Rb5 47. Rf5+ Ke7 48. g6 hxg6 49. hxg6 Ke6 50. Rf7 Nd5+ 51. Ke4 Nf6+ 52. Kf3 Rb3
53. Ke2 Kf5 54. Rxg7 Rc3 55. Kd2 Kg5 56. Ke2 Kh6 57. Rc7 Kxg6 58. Rc8 Kf5 59.
Kd2 Ke5 60. Rc7 Nd5 61. Rc8 Nb4 62. Re8+ Kd6 63. Rd8+ Kc7 64. Rh8 Rxd3+ 0-1

[Event "World Blitz Women 2025"]
[Site "Doha QAT"]
[Date "2025.12.29"]
[Round "4.34"]
[White "Maltsevskaya, Aleksandra"]
[Black "Girya, Olga"]
[Result "1-0"]
[WhiteTitle "IM"]
[BlackTitle "GM"]
[WhiteElo "2398"]
[BlackElo "2398"]
[WhiteFideId "24174041"]
[BlackFideId "4195752"]
[EventDate "2025.12.29"]

1. Nf3 Nf6 2. g3 d5 3. Bg2 e6 4. d3 Be7 5. Nbd2 Nc6 6. e4 dxe4 7. dxe4 e5 8. O-O
O-O 9. c3 a5 10. Qe2 Bc5 11. Nb3 Bd6 12. Rd1 b6 13. h3 Ba6 14. Qc2 a4 15. Nbd2
Qe8 16. Nf1 Ne7 17. Ne3 Ng6 18. Nf5 Bc5 19. Bg5 Qe6 20. h4 Ng4 21. Rf1 Bxf1 22.
Rxf1 f6 23. Bc1 h5 24. Bh3 Qxa2 25. Nh2 Nxh2 26. Kxh2 a3 27. Qd1 axb2 28. Bxb2
Qxb2 29. Qxh5 Nh8 30. Qg4 g6 31. h5 g5 32. h6 Bxf2 33. h7+ Kxh7 34. Qh5+ Kg8 35.
Nh6+ Kg7 36. Nf5+ Kg8 37. Ne7+ Kg7 38. Bf5 Bxg3+ 39. Kxg3 Rf7 40. Nd5 Qd2 41.
Qh7+ Kf8 42. Qxh8# 1-0

[Event "World Blitz Women 2025"]
[Site "Doha QAT"]
[Date "2025.12.29"]
[Round "4.35"]
[White "Dwilewicz, Katarzyna"]
[Black "Gunina, Valentina"]
[Result "0-1"]
[WhiteTitle "WFM"]
[BlackTitle "GM"]
[WhiteElo "2185"]
[BlackElo "2393"]
[WhiteFideId "1148486"]
[BlackFideId "4167570"]
[EventDate "2025.12.29"]

1. e4 c5 2. Nf3 Nc6 3. d4 cxd4 4. Nxd4 e5 5. Nb5 d6 6. c4 g6 7. Bd3 Nf6 8. O-O
Be6 9. N1c3 a6 10. Na3 Bg7 11. Nd5 O-O 12. Bg5 Bxd5 13. cxd5 Nd4 14. Nc2 Qb6 15.
b3 Rfe8 16. Be3 Rac8 17. Rc1 h5 18. h3 Nd7 19. Qd2 Nc5 20. Rfe1 a5 21. Kh1 Re7
22. f4 Nxc2 23. Rxc2 exf4 24. Bxf4 Be5 25. Bg5 Rec7 26. Bc4 Qb4 27. Qe2 a4 28.
Bd2 Qb6 29. b4 Nd7 30. a3 Bd4 31. Rec1 Ne5 32. Bd3 Rxc2 33. Rxc2 Rxc2 34. Bxc2
Bb2 35. Bxa4 Bxa3 36. Bb5 Qd4 37. Qe1 Bb2 38. Be8 Kf8 39. Bb5 Kg7 40. Bf1 f6 41.
Qe3 Qxe3 42. Bxe3 Bc3 43. b5 Kf7 44. b6 Ke7 45. Bb5 Bb4 46. Kg1 Bc5 47. Bxc5
dxc5 48. Kf2 Kd6 49. Ke3 h4 50. Kd2 g5 51. Kc3 Ng6 52. Bf1 Nf8 53. Bb5 Ng6 54.
Bf1 Ne5 55. Bb5 Ke7 56. Bf1 Kd6 57. Bb5 f5 58. exf5 Kxd5 59. Be2 Kd6 60. Bh5 Nd7
61. Kc4 Nxb6+ 62. Kb5 Nd5 63. Bf3 Nc3+ 64. Kb6 c4 65. Kxb7 Nd5 66. Ka6 c3 67.
Be4 c2 68. Bxc2 Nb4+ 69. Kb5 Nxc2 0-1

[Event "World Blitz Women 2025"]
[Site "Doha QAT"]
[Date "2025.12.29"]
[Round "4.36"]
[White "Beydullayeva, Govhar"]
[Black "Munkhzul, Turmunkh"]
[Result "1-0"]
[WhiteTitle "WGM"]
[BlackTitle "WGM"]
[WhiteElo "2364"]
[BlackElo "2271"]
[WhiteFideId "13413015"]
[BlackFideId "4901878"]
[EventDate "2025.12.29"]

1. d4 Nf6 2. c4 e6 3. Bf4 d5 4. cxd5 Nxd5 5. Bg3 c5 6. e4 Nf6 7. Nd2 Qxd4 8.
Ngf3 Qd8 9. e5 Nd5 10. Bd3 Nc6 11. Qe2 Be7 12. O-O O-O 13. Rfd1 Qe8 14. a3 b6
15. Ne4 Bb7 16. Neg5 g6 17. h4 Bxg5 18. Nxg5 Nd4 19. Qe1 Qe7 20. Ne4 Rad8 21.
Bc4 b5 22. Bxd5 Bxd5 23. Nf6+ Kg7 24. h5 Nf5 25. Bf4 Bb3 26. Rxd8 Rxd8 27. Qc3
c4 28. Qh3 Rd3 29. Qg4 Rd4 30. hxg6 fxg6 31. Qh3 h5 32. Bg5 Qf7 33. Re1 Rd3 34.
f3 Qf8 35. Ne4 Kh7 36. Bf6 a5 37. g4 Nd4 38. Ng5+ Kg8 39. gxh5 Qc5 40. Kh1 Rd1
41. Rxd1 Bxd1 42. hxg6 1-0

[Event "World Blitz Women 2025"]
[Site "Doha QAT"]
[Date "2025.12.29"]
[Round "4.37"]
[White "Kamalidenova, Meruert"]
[Black "Yakubbaeva, Nilufar"]
[Result "1-0"]
[WhiteTitle "IM"]
[BlackTitle "WGM"]
[WhiteElo "2366"]
[BlackElo "2229"]
[WhiteFideId "13712802"]
[BlackFideId "14204487"]
[EventDate "2025.12.29"]

1. e4 c6 2. d4 d5 3. e5 c5 4. Nf3 Nc6 5. dxc5 Bg4 6. Bb5 e6 7. Be3 Qa5+ 8. Nc3
a6 9. Bxc6+ bxc6 10. Qd4 Bxf3 11. gxf3 Rb8 12. O-O-O Rb4 13. Qd3 Bxc5 14. Bxc5
Qxc5 15. Qxa6 Rb8 16. Rhg1 g6 17. Na4 Qb5 18. Qxb5 Rxb5 19. Rg4 Ne7 20. c4 Rb4
21. cxd5 Rxg4 22. fxg4 Nxd5 23. Nc5 h5 24. g5 Ke7 25. Rd4 Rb8 26. a3 Rb5 27. b4
Rb8 28. Kc2 Rh8 29. h4 Ra8 30. Kb3 Ke8 31. Ne4 Ne7 32. Nd6+ Kf8 33. Rc4 Rb8 34.
a4 Nd5 35. a5 Ke7 36. a6 Ra8 37. Rxc6 Kd7 38. b5 Nc7 39. Kb4 Rb8 40. Kc5 Nd5 41.
a7 Ra8 42. b6 Nxb6 43. Kxb6 Rxa7 44. Kxa7 Kxc6 45. Nxf7 Kd5 46. Nh8 Kxe5 47.
Nxg6+ Kf5 48. Ne7+ Ke5 49. Kb6 1-0

[Event "World Blitz Women 2025"]
[Site "Doha QAT"]
[Date "2025.12.29"]
[Round "4.38"]
[White "Yu, Jennifer"]
[Black "Fataliyeva, Ulviyya"]
[Result "0-1"]
[WhiteTitle "FM"]
[BlackTitle "IM"]
[WhiteElo "2276"]
[BlackElo "2434"]
[WhiteFideId "2078341"]
[BlackFideId "13403052"]
[EventDate "2025.12.29"]

1. c4 e5 2. g3 Nf6 3. Bg2 c6 4. Nf3 Bd6 5. Nc3 O-O 6. O-O Bc7 7. e4 d6 8. d4
exd4 9. Nxd4 Nbd7 10. b3 Ne5 11. f4 Ng6 12. h3 Re8 13. Kh2 Ba5 14. Bb2 Bxc3 15.
Bxc3 Nxe4 16. Bb2 f5 17. Qc2 Bd7 18. Rae1 d5 19. cxd5 cxd5 20. Qd1 Rc8 21. Rf3
Qa5 22. a3 Qd2 23. Qxd2 Nxd2 24. Rxe8+ Rxe8 25. Rd3 Ne4 26. Nf3 Bc6 27. Ne5 Nxe5
28. Bxe5 Kf7 29. g4 g6 30. Bf3 Ke6 31. Rd1 Rc8 32. gxf5+ gxf5 33. Rg1 Bb5 34.
Rg7 Rc2+ 35. Kg1 Rc1+ 36. Kh2 Rc2+ 37. Kg1 Nd2 38. Bg2 Bd3 39. Rxb7 Be4 40. Bxe4
fxe4 41. Rxh7 e3 42. Bd4 Nf3+ 43. Kf1 Rf2# 0-1

[Event "World Blitz Women 2025"]
[Site "Doha QAT"]
[Date "2025.12.29"]
[Round "4.39"]
[White "Bulmaga, Irina"]
[Black "Rodriguez Redondo, Adhara"]
[Result "0-1"]
[WhiteTitle "IM"]
[BlackTitle "WFM"]
[WhiteElo "2389"]
[BlackElo "2207"]
[WhiteFideId "13903063"]
[BlackFideId "32065698"]
[EventDate "2025.12.29"]

1. e4 e5 2. Nf3 Nc6 3. d4 exd4 4. Nxd4 Nf6 5. Nxc6 bxc6 6. Bd3 d5 7. exd5 cxd5
8. O-O Be7 9. c4 c6 10. Nc3 O-O 11. Qc2 h6 12. h3 d4 13. Ne4 c5 14. Nxf6+ Bxf6
15. Be4 Rb8 16. Rb1 Bb7 17. Bf4 Bxe4 18. Qxe4 Rb6 19. Qf5 Qc8 20. Qc2 Re8 21.
Rfe1 Rxe1+ 22. Rxe1 Re6 23. Re2 Qa6 24. b3 Qc6 25. Kf1 Qd7 26. Qd3 Rxe2 27. Kxe2
Qe6+ 28. Kf1 Bg5 29. Bg3 Bf6 30. Bf4 Bg5 31. Bg3 Bf6 32. Bb8 a6 33. Bg3 Bg5 34.
a3 Be7 35. Bf4 Qb6 36. Bd2 Qe6 37. b4 Qd7 38. Qe4 cxb4 39. axb4 Qc7 40. Qa8+ Kh7
41. Qxa6 Bf6 42. Qb5 Qd8 43. Qf5+ g6 44. b5 gxf5 0-1

[Event "World Blitz Women 2025"]
[Site "Doha QAT"]
[Date "2025.12.29"]
[Round "4.40"]
[White "Khalilova, Madinabonu"]
[Black "Balajayeva, Khanim"]
[Result "1/2-1/2"]
[WhiteTitle "WCM"]
[BlackTitle "IM"]
[WhiteElo "2241"]
[BlackElo "2351"]
[WhiteFideId "14223422"]
[BlackFideId "13406396"]
[EventDate "2025.12.29"]

1. Nf3 d5 2. c4 e6 3. g3 Nf6 4. Bg2 Be7 5. O-O O-O 6. b3 c5 7. e3 Nc6 8. Bb2 d4
9. exd4 cxd4 10. d3 Bc5 11. Re1 Re8 12. Nbd2 a5 13. a3 e5 14. Ng5 Bg4 15. f3 Bd7
16. Nge4 Nxe4 17. fxe4 Qe7 18. Qe2 Rab8 19. Rf1 b5 20. Kh1 bxc4 21. dxc4 Rb6 22.
Qd3 Reb8 23. Bf3 Nd8 24. Bd1 Rh6 25. Nf3 Bg4 26. Bc1 Rhb6 27. Bd2 Nc6 28. a4 f6
29. Rb1 Bb4 30. Nh4 Bxd1 31. Rfxd1 Bxd2 32. Rxd2 Nb4 33. Qf3 Na6 34. Nf5 Qf7 35.
Qg4 Kh8 36. h4 g6 37. Nh6 Qg7 38. c5 Rc6 39. Qe2 Qxh6 40. Rc2 Qe3 41. Qc4 Rxc5
42. Qxa6 Qxe4+ 43. Kg1 Rxc2 44. Qxf6+ Kg8 45. Qe6+ Kh8 46. Qf6+ Kg8 47. Qe6+ 1/2-1/2

[Event "World Blitz Women 2025"]
[Site "Doha QAT"]
[Date "2025.12.29"]
[Round "4.41"]
[White "Zherebtsova, Alexandra"]
[Black "Toncheva, Nadya"]
[Result "0-1"]
[WhiteTitle "FM"]
[BlackTitle "FM"]
[WhiteElo "2307"]
[BlackElo "2362"]
[WhiteFideId "24129518"]
[BlackFideId "2924056"]
[EventDate "2025.12.29"]

1. d4 d5 2. Bf4 Nf6 3. e3 c5 4. Nf3 Nc6 5. Nbd2 e6 6. c3 Nh5 7. Bg5 f6 8. Bh4 g6
9. Be2 Ng7 10. Ne5 Nf5 11. Nxc6 bxc6 12. Bg3 cxd4 13. exd4 Nxg3 14. hxg3 Bd6 15.
Qc2 Kf7 16. f4 c5 17. Nf3 cxd4 18. Nxd4 e5 19. fxe5 fxe5 20. Nb5 Bc5 21. b4 Bb6
22. O-O-O a6 23. Na3 a5 24. Rxd5 Qg5+ 25. Kb2 axb4 26. Nb1 Be6 27. Bc4 Kg7 28.
cxb4 Bxd5 29. Bxd5 Bd4+ 30. Kb3 Qe3+ 0-1

[Event "World Blitz Women 2025"]
[Site "Doha QAT"]
[Date "2025.12.29"]
[Round "4.42"]
[White "Khafizova, Diana"]
[Black "Khotenashvili, Bella"]
[Result "1-0"]
[WhiteTitle "WFM"]
[BlackTitle "GM"]
[WhiteElo "2234"]
[BlackElo "2426"]
[WhiteFideId "34378049"]
[BlackFideId "13602640"]
[EventDate "2025.12.29"]

1. d4 g6 2. c4 Bg7 3. e4 c5 4. Nf3 cxd4 5. Nxd4 Nc6 6. Be3 Qb6 7. Nb5 Qd8 8.
N1c3 Nf6 9. Be2 d6 10. O-O O-O 11. f3 Nd7 12. Qd2 Nde5 13. h3 f5 14. f4 Nf7 15.
Bf3 fxe4 16. Bxe4 Nh6 17. Nd4 Bd7 18. Kh2 Nf5 19. Nxf5 gxf5 20. Bd5+ Kh8 21. Ne2
Rf6 22. Rad1 Rg6 23. Nd4 Qf8 24. b4 a6 25. Bf3 Nd8 26. Rfe1 Rc8 27. Qd3 e5 28.
fxe5 dxe5 29. Nb3 Bc6 30. Bc5 Qe8 31. Bd5 e4 32. Qd2 Ne6 33. Bxe6 Qxe6 34. Nd4
Qe5+ 35. Kh1 Be8 36. Ne2 Bf7 37. Nf4 Rh6 38. Bd4 Qxd4 39. Qxd4 Bxd4 40. Rxd4
Rxc4 41. Rd7 Kg8 42. Rxb7 Rd6 43. a4 Rc2 44. b5 axb5 45. axb5 Rf2 46. Ne2 Rd2
47. Ng3 Bg6 48. Rg1 f4 49. Nf1 Rb2 50. b6 e3 51. Nh2 Be4 52. Rb8+ Kg7 53. Nf3
Rxg2 54. Rxg2+ Rxg2 55. Kxg2 e2 56. Kf2 Bxf3 57. b7 Kh6 58. Ke1 Be4 59. Kxe2 Bd5
60. Kd3 Bc6 61. Kd4 f3 62. Ke3 Bd5 63. Kf2 Be4 64. Kg3 Bc6 65. h4 Bd5 66. Kg4
Bc6 67. Rd8 Bxb7 68. Rd6+ Kg7 69. Rd7+ Kg6 70. Rxb7 f2 71. Rb1 1-0

[Event "World Blitz Women 2025"]
[Site "Doha QAT"]
[Date "2025.12.29"]
[Round "4.43"]
[White "Kaliakhmet, Elnaz"]
[Black "Kulon, Klaudia"]
[Result "1-0"]
[WhiteTitle "WIM"]
[BlackTitle "IM"]
[WhiteElo "2329"]
[BlackElo "2335"]
[WhiteFideId "13730169"]
[BlackFideId "1131044"]
[EventDate "2025.12.29"]

1. d4 Nf6 2. c4 g6 3. g3 Bg7 4. Bg2 O-O 5. Nc3 d6 6. Nf3 Nc6 7. d5 Na5 8. b3 c6
9. dxc6 Nxc6 10. Bb2 Bf5 11. Nh4 Be6 12. O-O Qc8 13. Rc1 Bh3 14. Nd5 Bxg2 15.
Kxg2 e5 16. Nf3 Qd8 17. Ba3 Ne8 18. Qd2 h6 19. Rfd1 e4 20. Ng1 f5 21. e3 Ne5 22.
Nf4 g5 23. Ne6 Qf6 24. Nxf8 Bxf8 25. Qd5+ Kh7 26. Qxb7+ Qf7 27. Qxa8 Nf6 28.
Bxd6 Bxd6 29. Rxd6 Nd3 30. Rd1 f4 31. Rxf6 Qxf6 32. Qxe4+ 1-0